Countries That Don't Border The 10 Biggest Countries - Map Quiz - Statistics

General Stats
  • This quiz has been taken 25 times
    11 since last reset
  • The average score is 91 of 134
Answers on the Map
Answers color-coded by a green-red scale on the quiz's map according to % correct below.
 
Answer Stats
Hint Hint Country % Correct
421.0 113.0 Bosnia
82%
418.0 108.0 Croatia
82%
404.0 255.8 Equatorial Guinea
82%
404.0 89.9 Germany
82%
416.4 124.2 Italy
82%
427.6 113.0 Serbia
82%
377 86 UK
82%
425.5 124.0 Albania
73%
480.5 125.0 Armenia
73%
414.2 100.9 Austria
73%
209.0 180.9 Bahamas
73%
391.0 91.0 Belgium
73%
385.7 225.0 Benin
73%
435.0 336.1 Botswana
73%
437.8 117.9 Bulgaria
73%
192.0 228.0 Costa Rica
73%
206.0 190.2 Cuba
73%
414.0 93.8 Czechia
73%
401.5 73.5 Denmark
73%
242.4 209.5 Dominica
73%
221 197 Dominican Republic
73%
180.4 215.0 El Salvador
73%
470.0 234.2 Ethiopia
73%
386 105 French Guiana
73%
406.5 264 Gabon
73%
378.2 234.5 Ghana
73%
430 129 Greece
73%
241.6 220.6 Grenada
73%
353.3 224.2 Guinea
73%
347.7 220.3 Guinea-Bissau
73%
218 196 Haiti
73%
184.5 210.7 Honduras
73%
424.4 103.1 Hungary
73%
341 43 Iceland
73%
501.3 152.5 Iran
73%
478.8 149.9 Iraq
73%
363.0 82.5 Ireland
73%
459.0 157.0 Israel
73%
368.0 235.9 Ivory Coast
73%
Japan
73%
462.3 158.9 Jordan
73%
427.5 118.5 Kosovo
73%
487.0 162.9 Kuwait
73%
444.0 360.5 Lesotho
73%
402.0 103.1 Liechtenstein
73%
394.3 94.2 Luxembourg
73%
486.0 324.3 Madagascar
73%
412.9 141.1 Malta
73%
760.6 232.2 Marshall Islands
73%
444.4 102.0 Moldova
73%
397.2 114.5 Monaco
73%
755 264 Nauru
73%
393 86.9 Netherlands
73%
776.7 391.9 New Zealand
73%
188.2 218.1 Nicaragua
73%
398.0 230.8 Nigeria
73%
429.5 121.7 North Macedonia
73%
509.33 187.2 Oman
73%
198 232.5 Panama
73%
657 220.6 Philippines
73%
361.7 127.6 Portugal
73%
436.7 107.1 Romania
73%
802.8 307.7 Samoa
73%
408.5 113.9 San Marino
73%
482.1 179.9 Saudi Arabia
73%
347 212 Senegal
73%
506.5 276 Seychelles
73%
354.0 232.9 Sierra Leone
73%
423.0 98.0 Slovakia
73%
413.0 106.5 Slovenia
73%
488 230 Somalia
73%
431 365 South Africa
73%
669 139 South Korea
73%
372 127.5 Spain
73%
562 235.3 Sri Lanka
73%
414.3 60.5 Sweden
73%
398.4 103.5 Switzerland
73%
467.0 143.0 Syria
73%
383.0 232.4 Togo
73%
460.3 130.6 Turkey
73%
785 295.3 Tuvalu
73%
502.0 182.5 UAE
73%
1 1 Yemen
73%
384.0 118.7 Andorra
64%
494.3 174.0 Bahrain
64%
246.5 217.0 Barbados
64%
180.9 203.6 Belize
64%
377.0 219.0 Burkina Faso
64%
616.0 219.1 Cambodia
64%
407.0 247.0 Cameroon
64%
326.7 206.9 Cape Verde
64%
455.3 143.7 Cyprus
64%
476.4 221.6 Djibouti
64%
204.0 265.5 Ecuador
64%
466.3 209.2 Eritrea
64%
451.3 350.1 Eswatini
64%
782.9 320.1 Fiji
64%
344 216 Gambia
64%
177.4 210.0 Guatemala
64%
206 200.2 Jamaica
64%
21.0 272.0 Kiribati
64%
461.7 146.8 Lebanon
64%
359.2 239.6 Liberia
64%
456.0 307.0 Malawi
64%
545.9 248.9 Maldives
64%
423.7 117.8 Montenegro
64%
467 309.5 Mozambique
64%
418 328 Namibia
64%
495.7 176.2 Qatar
64%
243.2 214.6 Saint Lucia
64%
742.1 295.0 Solomon Islands
64%
652.9 182.1 Taiwan
64%
608.0 207.9 Thailand
64%
798.1 328.7 Tonga
64%
242.5 226.6 Trinidad
64%
408.5 120.7 Vatican
64%
1 1 Zimbabwe
64%
241.4 204.0 Antigua and Barbuda
55%
422.6 209.4 Chad
55%
479.4 301.4 Comoros
55%
717.7 235.2 Federated States of Micronesia
55%
465.8 259.9 Kenya
55%
510.1 329.1 Mauritius
55%
680.5 241.3 Palau
55%
239.4 203.4 Saint Kitts
55%
242.7 216.8 Saint Vincent
55%
395.5 260.6 São Tomé
55%
447.0 171.3 Egypt
45%
448.5 209.5 Sudan
45%
459.1 282.5 Tanzania
45%
759 318.6 Vanuatu
45%
Brunei
27%
DRC
27%
Singapore
27%
No matching quizzes found
Score Distribution
Percent of People with Each Score
Percentile by Number Answered
Your Score History
You have not taken this quiz since the last reset